| 000 | 01181nam a22003735a 4500 | ||
|---|---|---|---|
| 005 | 20150824095922.0 | ||
| 008 | 111010t2005 maua fr 001 0 eng d | ||
| 010 | _a2003045142 | ||
| 020 | _a0321199634 | ||
| 020 | _a0321223330 | ||
| 020 | _a9780321223333 | ||
| 020 | _a321248392 | ||
| 020 | _a9780321248398 | ||
| 020 | _a9780321199638 | ||
| 020 | _a9780321395771 | ||
| 040 |
_aEG-ScBUE _beng _cEG-ScBUE |
||
| 082 | 0 | 4 |
_a339 _bABE _222 |
| 100 | 1 |
_aAbel, Andrew B., _927477 |
|
| 245 | 1 | 0 |
_aMacroeconomics / _cAndrew B. Abel, Ben S. Bernanke. |
| 250 | _a5th ed. | ||
| 260 |
_aBoston : _bPearson/Addison Wesley, _cc.2005. |
||
| 300 |
_axxvi, 630 p. : _bill. (some col.) ; _c27 cm + _estudent access kit. |
||
| 490 | 0 | _aThe Addison-Wesley series in economics | |
| 500 | _aInclude indexes. | ||
| 500 | _aGlossary : p. 609-620. | ||
| 504 | _aIncludes bibliographical references. | ||
| 511 | _acatalogued by: wessam | ||
| 590 | _aMohamed Hussein | ||
| 650 | 0 |
_aMacroeconomics. _927479 _2BUEsh |
|
| 651 | 0 |
_aUnited States _xEconomic conditions. _927480 _2BUEsh |
|
| 653 |
_bBUSECO _cAugust2015 |
||
| 700 | 1 |
_aBernanke, Ben S. _927481 |
|
| 942 |
_cBB _2ddc |
||
| 999 |
_c1527 _d1527 |
||